[Event "Guernsey op 46th"]
[Site "St James"]
[Date "2022.10.17"]
[Round "2"]
[White "Finch, Russell"]
[Black "Havenaar, Jan"]
[Result "1-0"]
[WhiteElo "1613"]
[BlackElo "2008"]
[PlyCount "60"]
[EventDate "2022.10.16"]
[EventType "swiss"]
[EventRounds "7"]
[EventCountry "GCI"]
[SourceTitle "EXT 2024"]
[Source "ChessBase"]
[SourceDate "2023.10.10"]
[SourceVersion "1"]
[SourceVersionDate "2023.10.10"]
[SourceQuality "1"]

1. Nf3 d6 2. g3 g6 3. Bg2 Bg7 4. d3 c5 5. 0-0 Nc6 6. e4 e6 7. c3 Nge7 8. Qe2 Rb8 9. a4 Na5 10. Be3 b6 11. d4 Bd7 12. Nbd2 0-0 13. Nh4 b5 14. dxc5 dxc5 15. Bxc5 bxa4 16. Rfb1 Bb5 17. Qe3 a6 18. b3 Nxb3 19. Nxb3 axb3 20. Rxb3 Qc7 21. Rd1 Rfd8 22. Rbb1 Rxd1+ 23. Rxd1 Rd8 24. Rxd8+ Qxd8 25. Bf3 Nc6 26. Be2 Bxe2 27. Qxe2 Qa5 28. Bb4 Qa1+ 29. Kg2 a5 30. Qa6 Bxc3 1-0

[Event "Guernsey Holiday op 42nd"]
[Site "Guernsey"]
[Date "2016.10.21"]
[Round "6"]
[White "Finch, Russell"]
[Black "Plug, Arjan JH"]
[Result "1/2-1/2"]
[WhiteElo "1742"]
[BlackElo "1852"]
[PlyCount "59"]
[EventDate "2016.10.16"]
[EventType "swiss"]
[EventRounds "7"]
[EventCountry "GCI"]
[SourceTitle "EXT 2022"]
[Source "ChessBase"]
[SourceDate "2021.10.06"]
[SourceVersion "1"]
[SourceVersionDate "2021.10.06"]
[SourceQuality "1"]

1. d4 Nf6 2. Nf3 e6 3. Bf4 c5 4. c3 Qb6 5. Qb3 Qxb3 6. axb3 Nc6 7. e3 Be7 8. Nbd2 0-0 9. Bd3 d5 10. h3 Bd7 11. 0-0 a6 12. Ne5 Na7 13. dxc5 Bxc5 14. b4 Be7 15. Nb3 Bb5 16. Bxb5 Nxb5 17. Nd4 Nd6 18. Bg5 Nc4 19. Nxc4 dxc4 20. Rfd1 h6 21. Bh4 g5 22. Bg3 Rfd8 23. Kf1 Nd5 24. Ke2 Bf6 25. Nf3 Kg7 26. Be5 Bxe5 27. Nxe5 Nb6 28. Rxd8 Rxd8 29. Rd1 Rxd1 30. Kxd1 1/2-1/2

[Event "Guernsey Holiday op 42nd"]
[Site "Guernsey"]
[Date "2016.10.18"]
[Round "3"]
[White "Beadle, John R"]
[Black "Finch, Russell"]
[Result "1/2-1/2"]
[WhiteElo "1522"]
[BlackElo "1742"]
[PlyCount "53"]
[EventDate "2016.10.16"]
[EventType "swiss"]
[EventRounds "7"]
[EventCountry "GCI"]
[SourceTitle "EXT 2022"]
[Source "ChessBase"]
[SourceDate "2021.10.06"]
[SourceVersion "1"]
[SourceVersionDate "2021.10.06"]
[SourceQuality "1"]

1. e4 c5 2. Nf3 d6 3. d4 cxd4 4. Nxd4 Nf6 5. Nc3 e6 6. Bg5 Be7 7. Bd3 Nc6 8. Nb3 Bd7 9. 0-0 0-0 10. f4 a6 11. a3 b5 12. Qe2 h6 13. Bh4 Ne8 14. Bxe7 Qxe7 15. e5 d5 16. Rf3 b4 17. axb4 Nxb4 18. Bxa6 Nc7 19. Bd3 Rxa1+ 20. Nxa1 Ra8 21. Nb3 Ba4 22. Nd4 Qc5 23. Qe3 Nxd3 24. cxd3 Bd7 25. Nc2 Qxe3+ 26. Rxe3 Ba4 27. Re2 1/2-1/2

[Event "Jersey Holiday op"]
[Site "St Clement Bay"]
[Date "2015.03.19"]
[Round "6"]
[White "Finch, Russell"]
[Black "Brown, Anthony D"]
[Result "1-0"]
[WhiteElo "1693"]
[BlackElo "1675"]
[PlyCount "123"]
[EventDate "2015.03.15"]
[EventType "swiss"]
[EventRounds "7"]
[EventCountry "GCI"]
[SourceTitle "EXT 2018"]
[Source "ChessBase"]
[SourceDate "2017.10.13"]
[SourceVersion "1"]
[SourceVersionDate "2017.10.13"]
[SourceQuality "1"]

1. d4 Nf6 2. Bf4 d6 3. Nf3 g6 4. e3 Nh5 5. Bg3 Nxg3 6. hxg3 Bg7 7. Nbd2 Bg4 8. Be2 Nc6 9. Nh2 Bd7 10. Bg4 h5 11. Bxd7+ Qxd7 12. c3 0-0-0 13. Nhf3 f6 14. 0-0 g5 15. b4 h4 16. d5 Ne5 17. Nxe5 fxe5 18. g4 h3 19. g3 e6 20. e4 exd5 21. exd5 Qb5 22. Ne4 Bh6 23. a4 Qc4 24. f3 c6 25. dxc6 Qxc6 26. b5 Qb6+ 27. Kh2 d5 28. Nd2 d4 29. Qb3 Rd7 30. Rfe1 dxc3 31. Qxc3+ Rc7 32. Qe3 Qxe3 33. Rxe3 Rc2 34. Rd3 Bg7 35. Rd1 Ra2 36. Kh1 Rxa4 37. Ne4 Bh6 38. Nd6+ Kc7 39. Nf7 Rh7 40. Nxe5 Re7 41. Rd5 Bg7 42. Rd7+ Rxd7 43. Rxd7+ Kb6 44. Rxg7 Rb4 45. Rxg5 Rxb5 46. Nd7+ Kc6 47. Rxb5 Kxb5 48. f4 a5 49. f5 a4 50. f6 a3 51. f7 a2 52. f8Q a1Q+ 53. Kh2 Qe1 54. Qc5+ Ka4 55. Nb6+ Kb3 56. Qc4+ Kb2 57. Na4+ Kb1 58. Qb3+ Kc1 59. Qc3+ Qxc3 60. Nxc3 Kc2 61. Nb5 Kd3 62. g5 1-0

[Event "Guernsey Holiday op"]
[Site "Guernsey"]
[Date "2009.10.18"]
[Round "1"]
[White "Finch, Russell"]
[Black "Collins, Alan"]
[Result "1/2-1/2"]
[WhiteElo "1485"]
[BlackElo "1690"]
[PlyCount "42"]
[EventDate "2009.10.18"]
[EventType "swiss"]
[EventRounds "7"]
[EventCountry "GCI"]
[SourceTitle "EXT 2015"]
[Source "ChessBase"]
[SourceDate "2014.11.20"]
[SourceVersion "1"]
[SourceVersionDate "2014.11.20"]
[SourceQuality "1"]

1. f4 d5 2. Nf3 Nf6 3. e3 g6 4. Be2 Bg7 5. 0-0 0-0 6. d3 c5 7. Nc3 Nc6 8. e4 dxe4 9. dxe4 e6 10. Qxd8 Rxd8 11. e5 Ne8 12. Be3 b6 13. Rfd1 Bb7 14. a3 Ne7 15. Rxd8 Rxd8 16. Kf1 Nc7 17. Rd1 Rxd1+ 18. Bxd1 Ned5 19. Bd2 Nxc3 20. Bxc3 Bxf3 21. Bxf3 Nb5 1/2-1/2

[Event "Guernsey Holiday op"]
[Site "Grand Harve Bay"]
[Date "2006.10.18"]
[Round "4"]
[White "Ruhle, Ernst Albrecht"]
[Black "Finch, Russell"]
[Result "0-1"]
[WhiteElo "1608"]
[BlackElo "1725"]
[PlyCount "56"]
[EventDate "2006.10.15"]
[EventType "swiss"]
[EventRounds "7"]
[EventCountry "GCI"]
[SourceTitle "EXT 2008"]
[Source "ChessBase"]
[SourceDate "2007.11.25"]
[SourceVersion "1"]
[SourceVersionDate "2007.11.25"]
[SourceQuality "1"]

1. b4 e6 2. Bb2 f5 3. e3 Nf6 4. b5 Be7 5. Nf3 0-0 6. Be2 d6 7. 0-0 Qe8 8. a4 Bd7 9. c4 e5 10. d3 Kh8 11. Nc3 h6 12. Qc2 g5 13. e4 g4 14. Ne1 f4 15. f3 h5 16. Nd1 Rg8 17. d4 Bd8 18. dxe5 dxe5 19. Qc3 gxf3 20. Bxf3 Rg5 21. Nd3 Ng4 22. h3 Bf6 23. Nxf4 exf4 24. Qc2 Ne5 25. Kh2 Rg3 26. Nf2 Qg6 27. Nd3 Nxf3+ 28. gxf3 Rxh3# 0-1